[Event "15. Sueder Sommerpokal 2005"]
[Site "Recklinghausen GER"]
[Date "2005.08.05"]
[Round "5.33"]
[White "Kitis, Peter"]
[Black "Rodig, Claus"]
[Result "1/2-1/2"]
[WhiteElo "1578"]
[BlackElo "1439"]
[PlyCount "76"]
[EventDate "2005.08.01"]
[EventType "swiss"]
[EventRounds "9"]
[EventCountry "GER"]
[Source "lmi"]
[SourceDate "2005.08.06"]

1. d4 d5 2. Nf3 Nf6 3. e3 Bg4 4. c4 e6 5. a3 Nbd7 6. Nc3 c5 7. cxd5 Nxd5 8.
Nxd5 exd5 9. dxc5 Nxc5 10. Bb5+ Bd7 11. Bxd7+ Qxd7 12. b4 Ne6 13. Bb2 Be7 14.
Bxg7 Nxg7 15. Ne5 Qb5 16. Rc1 O-O 17. h4 Rac8 18. Rxc8 Rxc8 19. h5 Bf6 20. f4
Bxe5 21. fxe5 Qc6 22. h6 Qc3+ 23. Kf2 Qc2+ 24. Qxc2 Rxc2+ 25. Kf3 Ne8 26. Rd1
Rc6 27. Rxd5 Rxh6 28. g4 f6 29. e6 Rg6 30. Rd7 Rg7 31. e7 Kf7 32. Rxb7 Ke6 33.
Rxa7 Rxe7 34. Rxe7+ Kxe7 35. a4 Kd6 36. Ke4 Ke6 37. b5 Nd6+ 38. Kd4 Nb7 1/2-1/2

[Event "15. Sueder Sommerpokal 2005"]
[Site "Recklinghausen GER"]
[Date "2005.08.05"]
[Round "5.34"]
[White "Plotkin, Alex"]
[Black "Maibaum, Ludwig"]
[Result "0-1"]
[WhiteElo "1121"]
[BlackElo "1566"]
[PlyCount "87"]
[EventDate "2005.08.01"]
[EventType "swiss"]
[EventRounds "9"]
[EventCountry "GER"]
[Source "lmi"]
[SourceDate "2005.08.06"]

1. d4 d5 2. Nf3 c6 3. c4 e6 4. Nc3 Be7 5. e3 Nf6 6. b3 O-O 7. Bb2 Nbd7 8. Bd3
Re8 9. O-O Bd6 10. Qc2 e5 11. dxe5 Nxe5 12. Nxe5 Bxe5 13. Rad1 Qc7 14. g3 dxc4
15. Bxc4 Bh3 16. Rfe1 Bg4 17. Be2 Bxe2 18. Nxe2 Bxb2 19. Qxb2 Rad8 20. Rxd8
Rxd8 21. f4 Qa5 22. Nc3 Ne4 23. b4 Qf5 24. Nxe4 Qxe4 25. a3 h6 26. Qe5 Qxe5 27.
fxe5 Rd5 28. Kf2 Rxe5 29. Rd1 Rd5 30. Rxd5 cxd5 31. Kf3 f6 32. e4 dxe4+ 33.
Kxe4 Kf7 34. g4 Ke6 35. h4 g6 36. a4 f5+ 37. gxf5+ gxf5+ 38. Kf4 Kf6 39. Kf3
Ke5 40. Ke3 f4+ 41. Kf3 Kf5 42. Kf2 Kg4 43. Kg2 Kxh4 44. Kf3 0-1

[Event "15. Sueder Sommerpokal 2005"]
[Site "Recklinghausen GER"]
[Date "2005.08.05"]
[Round "5.35"]
[White "Kamper, Marco"]
[Black "Glahn, Michael"]
[Result "0-1"]
[WhiteElo "1543"]
[BlackElo "1234"]
[PlyCount "76"]
[EventDate "2005.08.01"]
[EventType "swiss"]
[EventRounds "9"]
[EventCountry "GER"]
[Source "lmi"]
[SourceDate "2005.08.06"]

1. e4 e5 2. Nf3 Nc6 3. Bc4 Bc5 4. b4 Bxb4 5. c3 Ba5 6. d4 exd4 7. O-O d6 8. Qb3
Qf6 9. Bg5 Qg6 10. cxd4 h6 11. Bd2 Bxd2 12. Nbxd2 h5 13. h4 Nge7 14. Ng5 O-O
15. Ndf3 Na5 16. Bxf7+ Rxf7 17. Qxf7+ Qxf7 18. Nxf7 Kxf7 19. Rac1 c6 20. e5
dxe5 21. dxe5 Nd5 22. g3 Bg4 23. Ng5+ Ke7 24. f4 g6 25. Nf3 Rc8 26. Nd2 c5 27.
Ne4 c4 28. Nc3 Nxc3 29. Rxc3 b5 30. Rb1 Rb8 31. Ra3 Nc6 32. Rc3 a5 33. a4 Nd4
34. Rxc4 bxc4 35. Rxb8 c3 36. Rb7+ Kd8 37. Rb1 c2 38. Rc1 Ne2+ 0-1

[Event "15. Sueder Sommerpokal 2005"]
[Site "Recklinghausen GER"]
[Date "2005.08.05"]
[Round "5.37"]
[White "Thiem, Simon"]
[Black "Deinert, Wolfgang"]
[Result "0-1"]
[WhiteElo "1155"]
[BlackElo "1951"]
[PlyCount "56"]
[EventDate "2005.08.01"]
[EventType "swiss"]
[EventRounds "9"]
[EventCountry "GER"]
[Source "lmi"]
[SourceDate "2005.08.06"]

1. d4 Nf6 2. Bf4 e6 3. e3 c5 4. c3 Nc6 5. Nd2 d5 6. Ngf3 Qb6 7. Qb3 c4 8. Qc2
Be7 9. Ne5 Nxe5 10. Bxe5 O-O 11. e4 Bd7 12. Be2 Rac8 13. exd5 exd5 14. O-O Ng4
15. Bg3 Nh6 16. Bf3 Qc6 17. Rae1 Bf5 18. Bxd5 Qxd5 19. Qa4 Bf6 20. Nf3 Bd3 21.
Ne5 Bxf1 22. Kxf1 Bxe5 23. Rxe5 Qc6 24. Qb4 b6 25. d5 Qd7 26. Re7 Qxd5 27. Bd6
Nf5 28. Rd7 Qd1# 0-1

[Event "15. Sueder Sommerpokal 2005"]
[Site "Recklinghausen GER"]
[Date "2005.08.05"]
[Round "5.38"]
[White "Rausch, Peter"]
[Black "Klees, Robert"]
[Result "1/2-1/2"]
[WhiteElo "1466"]
[BlackElo "1296"]
[PlyCount "42"]
[EventDate "2005.08.01"]
[EventType "swiss"]
[EventRounds "9"]
[EventCountry "GER"]
[Source "lmi"]
[SourceDate "2005.08.06"]

1. e4 e5 2. Nf3 Nc6 3. Bb5 Nf6 4. O-O Nxe4 5. d4 Nd6 6. Bxc6 dxc6 7. dxe5 Nf5
8. Qxd8+ Kxd8 9. Bf4 Bc5 10. Nc3 Be6 11. Rad1+ Ke7 12. a3 a5 13. Rd2 Rhe8 14.
Ng5 Bc4 15. Rfd1 h6 16. Nf3 g5 17. Nxg5 hxg5 18. Bxg5+ Kf8 19. Bf6 Nh6 20. b3
Be6 21. Rd3 Bf5 1/2-1/2

[Event "15. Sueder Sommerpokal 2005"]
[Site "Recklinghausen GER"]
[Date "2005.08.06"]
[Round "6.1"]
[White "Eismont, Igor"]
[Black "Mainka, Romuald"]
[Result "0-1"]
[WhiteElo "2292"]
[BlackElo "2446"]
[PlyCount "120"]
[EventDate "2005.08.01"]
[EventType "swiss"]
[EventRounds "9"]
[EventCountry "GER"]
[Source "lmi"]
[SourceDate "2005.08.06"]

1. d4 Nf6 2. c4 c5 3. d5 b5 4. cxb5 a6 5. bxa6 g6 6. Nc3 Bxa6 7. Nf3 d6 8. g3
Bg7 9. Bg2 Nbd7 10. Rb1 O-O 11. O-O Qa5 12. Bd2 Nb6 13. b3 Qa3 14. Bc1 Qa5 15.
Bb2 Bb7 16. e4 Ba6 17. Re1 Ng4 18. Qc2 Nd7 19. Red1 Nge5 20. Nxe5 Nxe5 21. Na4
c4 22. b4 Qc7 23. Bd4 Bb5 24. Nc3 Bd7 25. h3 Ra3 26. b5 Rb8 27. b6 Qc8 28. Nb5
Bxb5 29. Rxb5 Qa6 30. Qb1 Rxa2 31. b7 Nd7 32. Bxg7 Kxg7 33. Bf1 Ne5 34. Rc1 Qa7
35. Rc2 Ra1 36. Qb2 f6 37. Kg2 Ra4 38. Be2 h5 39. h4 Kf7 40. Bf1 Kg7 41. Be2
Kf7 42. Bf1 Qa6 43. Be2 Qa7 44. Bf1 Ra5 45. Rb4 Rc5 46. Rc3 Rc7 47. Ra3 Qc5 48.
Ra8 c3 49. Qc2 Rcxb7 50. Rxb7 Rxa8 51. Rb3 Rc8 52. Ba6 Rc7 53. Bb5 Qd4 54. Rb1
Nc4 55. Bxc4 Rxc4 56. Ra1 Rb4 57. Qc1 Rb2 58. Qf4 Qd2 59. Qxd2 cxd2 60. Rd1 f5
0-1

[Event "15. Sueder Sommerpokal 2005"]
[Site "Recklinghausen GER"]
[Date "2005.08.06"]
[Round "6.2"]
[White "Hortsch-Stoyanov, Peter"]
[Black "Savchenko, Vyacheslav"]
[Result "0-1"]
[WhiteElo "2263"]
[BlackElo "2387"]
[PlyCount "96"]
[EventDate "2005.08.01"]
[EventType "swiss"]
[EventRounds "9"]
[EventCountry "GER"]
[Source "lmi"]
[SourceDate "2005.08.06"]

1. Nf3 c5 2. c4 e6 3. g3 d5 4. cxd5 exd5 5. d4 Nc6 6. Bg2 c4 7. O-O Bb4 8. b3
cxb3 9. Qxb3 Nge7 10. Ne5 a5 11. Nxc6 bxc6 12. Bd2 Bd6 13. Nc3 O-O 14. Na4 Ba6
15. Rfe1 Nf5 16. e3 Bc4 17. Qc2 Bb4 18. Qxf5 Bxd2 19. Reb1 Bb5 20. Qc2 Bb4 21.
Nc5 Qe7 22. Nd3 Ba3 23. Nf4 Rab8 24. Bf1 Rfd8 25. Bd3 h6 26. h4 g5 27. hxg5
hxg5 28. Nh5 Qe6 29. Kg2 Bxd3 30. Qxd3 Bb2 31. g4 Bxa1 32. Rxa1 Qxg4+ 33. Ng3
Kg7 34. Rc1 Qe6 35. Nf5+ Kf6 36. Ng3 Rh8 37. e4 dxe4 38. Nxe4+ Kg7 39. Rc5 Rb5
40. Rxb5 cxb5 41. d5 Qe5 42. Ng3 b4 43. d6 Rd8 44. Nf5+ Kf6 45. Nh6 Qxd6 46.
Qf5+ Kg7 47. Qxg5+ Qg6 48. Nf5+ Kf8 0-1

[Event "15. Sueder Sommerpokal 2005"]
[Site "Recklinghausen GER"]
[Date "2005.08.06"]
[Round "6.3"]
[White "Souleidis, Georgios"]
[Black "Bakhmatov, Eduard"]
[Result "1-0"]
[WhiteElo "2410"]
[BlackElo "2373"]
[PlyCount "107"]
[EventDate "2005.08.01"]
[EventType "swiss"]
[EventRounds "9"]
[EventCountry "GER"]
[Source "lmi"]
[SourceDate "2005.08.06"]

1. e4 c5 2. Nf3 g6 3. d4 Bg7 4. d5 d6 5. Nc3 Nf6 6. Bb5+ Nbd7 7. O-O O-O 8. Re1
a6 9. Bxd7 Nxd7 10. Bf4 Qc7 11. Qe2 Ne5 12. Nxe5 dxe5 13. Be3 b5 14. Red1 Bb7
15. a4 b4 16. d6 exd6 17. Nd5 Bxd5 18. Rxd5 Rfe8 19. Rad1 Re6 20. Qc4 Bf8 21.
Bd2 Qb6 22. c3 a5 23. cxb4 axb4 24. b3 Qa6 25. Qxa6 Rxa6 26. Rc1 Re8 27. Kf1 f6
28. Ke2 Kf7 29. Kd3 Ke6 30. Kc4 Be7 31. g3 Raa8 32. Be3 Rf8 33. f4 Ra5 34. Rf1
Kd7 35. fxe5 fxe5 36. Rxf8 Bxf8 37. Rd1 Ke6 38. Rf1 Be7 39. h4 Ra8 40. Bg5 Rf8
41. Rxf8 Bxf8 42. a5 Kd7 43. Kd5 Kc7 44. Bc1 Kb7 45. Ke6 c4 46. bxc4 b3 47. g4
Ka6 48. Kf7 d5 49. cxd5 Bc5 50. Ke6 Be3 51. Bb2 Bd4 52. d6 Kxa5 53. Bxd4 exd4
54. d7 1-0

[Event "15. Sueder Sommerpokal 2005"]
[Site "Recklinghausen GER"]
[Date "2005.08.06"]
[Round "6.4"]
[White "Kiseleva, Natalia"]
[Black "Hagermann, Hermann"]
[Result "1-0"]
[WhiteElo "2300"]
[BlackElo "2133"]
[PlyCount "43"]
[EventDate "2005.08.01"]
[EventType "swiss"]
[EventRounds "9"]
[EventCountry "GER"]
[Source "lmi"]
[SourceDate "2005.08.06"]

1. d4 d5 2. c4 Nc6 3. Nc3 dxc4 4. d5 Ne5 5. Bf4 Ng6 6. Bg3 e5 7. e4 Nf6 8. Nf3
Bd6 9. Nd2 O-O 10. Nxc4 Bb4 11. Bd3 Re8 12. O-O Bd7 13. Qb3 Qe7 14. Nxe5 Nxe5
15. Bxe5 Ng4 16. Bg3 h5 17. h3 h4 18. Bf4 g5 19. d6 Bxd6 20. Bxd6 Qxd6 21. hxg4
Bxg4 22. Bc4 1-0

[Event "15. Sueder Sommerpokal 2005"]
[Site "Recklinghausen GER"]
[Date "2005.08.06"]
[Round "6.5"]
[White "Viebahn, Dirk"]
[Black "Kummerow, Heiko"]
[Result "1-0"]
[WhiteElo "2063"]
[BlackElo "2296"]
[PlyCount "57"]
[EventDate "2005.08.01"]
[EventType "swiss"]
[EventRounds "9"]
[EventCountry "GER"]
[Source "lmi"]
[SourceDate "2005.08.06"]

1. e4 e6 2. d4 d5 3. Nd2 c5 4. exd5 exd5 5. Ngf3 Nc6 6. Bb5 Bd6 7. O-O Nge7 8.
dxc5 Bxc5 9. Nb3 Bd6 10. Re1 O-O 11. Bg5 Bg4 12. Be2 a6 13. Bh4 Qb6 14. Nfd4
Bxe2 15. Rxe2 Qc7 16. Bg3 Rad8 17. c3 Bxg3 18. hxg3 Ne5 19. Qe1 N7g6 20. Rd1
Nc4 21. Nf5 b5 22. Nbd4 Qc5 23. Nf3 Qc8 24. N3h4 Qc5 25. b4 Qa7 26. Nxg6 hxg6
27. Ne7+ Kh7 28. Rd4 g5 29. Qc1 1-0

[Event "15. Sueder Sommerpokal 2005"]
[Site "Recklinghausen GER"]
[Date "2005.08.06"]
[Round "6.6"]
[White "Goldschmidt, Christian"]
[Black "Savchenko, Aleksij"]
[Result "1-0"]
[WhiteElo "2200"]
[BlackElo "2013"]
[PlyCount "35"]
[EventDate "2005.08.01"]
[EventType "swiss"]
[EventRounds "9"]
[EventCountry "GER"]
[Source "lmi"]
[SourceDate "2005.08.06"]

1. e4 e5 2. Nf3 Nf6 3. Nc3 Bb4 4. Nxe5 O-O 5. Nd3 Bxc3 6. dxc3 Nxe4 7. Be3 b6
8. Qh5 Bb7 9. O-O-O c5 10. c4 d5 11. cxd5 Nf6 12. Qh4 Nxd5 13. Qxd8 Rxd8 14.
Nf4 Rd7 15. Nxd5 Bxd5 16. Bb5 Bxg2 17. Bxd7 Bxh1 18. Bh3 1-0

[Event "15. Sueder Sommerpokal 2005"]
[Site "Recklinghausen GER"]
[Date "2005.08.06"]
[Round "6.7"]
[White "Ciornei, Dragos"]
[Black "Dunst, Wilhelm"]
[Result "1/2-1/2"]
[WhiteElo "2198"]
[BlackElo "1805"]
[PlyCount "122"]
[EventDate "2005.08.01"]
[EventType "swiss"]
[EventRounds "9"]
[EventCountry "GER"]
[Source "lmi"]
[SourceDate "2005.08.06"]

1. e4 e5 2. Nf3 Nf6 3. d4 Nxe4 4. Bd3 d5 5. Nxe5 Nd7 6. Nxd7 Bxd7 7. O-O Be7 8.
c4 Nf6 9. Nc3 dxc4 10. Bxc4 O-O 11. Re1 h6 12. Qf3 c6 13. h3 Bd6 14. Bb3 Re8
15. Rxe8+ Bxe8 16. Be3 Bc7 17. Rd1 Qd6 18. g3 Rd8 19. d5 Qe5 20. Bd4 Qe7 21.
Bxf6 Qxf6 22. Qxf6 gxf6 23. Ne4 Kg7 24. d6 Bb6 25. g4 Bd7 26. Kg2 f5 27. gxf5
Bxf5 28. Ng3 Bg6 29. f4 f5 30. Kf3 Kf6 31. d7 Ke7 32. Re1+ Kxd7 33. Be6+ Kc7
34. Bxf5 Bxf5 35. Nxf5 Rd3+ 36. Kg4 h5+ 37. Kxh5 Rxh3+ 38. Kg6 Bc5 39. Re2 Rf3
40. Kg5 b5 41. Kg4 Rf2 42. Rxf2 Bxf2 43. Kf3 Be1 44. Ke4 c5 45. Kd5 Bf2 46. Nd6
Bg3 47. Kxc5 Bxf4 48. Nxb5+ Kb7 49. a4 Bh2 50. a5 Bg1+ 51. Kc4 Kc6 52. b4 Bf2
53. Nc3 a6 54. Ne4 Bg1 55. Nc5 Bxc5 56. bxc5 Kd7 57. Kd5 Kc7 58. c6 Kc8 59. Kc4
Kb8 60. Kc5 Kc7 61. Kd5 Kc8 1/2-1/2

[Event "15. Sueder Sommerpokal 2005"]
[Site "Recklinghausen GER"]
[Date "2005.08.06"]
[Round "6.8"]
[White "Zarges, Stephan"]
[Black "Halasz, Tamas"]
[Result "0-1"]
[WhiteElo "2138"]
[BlackElo "2385"]
[PlyCount "104"]
[EventDate "2005.08.01"]
[EventType "swiss"]
[EventRounds "9"]
[EventCountry "GER"]
[Source "lmi"]
[SourceDate "2005.08.06"]

1. e4 e5 2. Nf3 Nf6 3. Nxe5 d6 4. Nf3 Nxe4 5. c4 Nc6 6. Nc3 Nxc3 7. dxc3 Be7 8.
Bd3 Ne5 9. Nxe5 dxe5 10. Qc2 h6 11. O-O O-O 12. f4 Bd6 13. f5 Be7 14. Qe2 Bf6
15. Be4 Re8 16. Be3 Qe7 17. Rf3 a6 18. Raf1 Rb8 19. Rg3 Kh7 20. Qh5 Rh8 21. Bd5
Kg8 22. Rff3 Kf8 23. Kh1 b6 24. c5 Qd7 25. Bb3 Qe8 26. c6 a5 27. Bc4 Ra8 28.
Bc1 Ba6 29. Bxa6 Rxa6 30. Rd3 Qxc6 31. Qd1 Ra8 32. Rd7 Kg8 33. Rgd3 Rf8 34. Qb3
Qe4 35. Be3 Qxf5 36. Qd1 Rc8 37. c4 Qe6 38. b3 Kh7 39. c5 bxc5 40. Bxc5 Rhe8
41. Be3 Be7 42. R7d5 e4 43. Rd2 c6 44. Rd7 Bb4 45. Rf2 Re7 46. Rxe7 Qxe7 47.
Qh5 Kg8 48. Bxh6 Re8 49. Be3 g6 50. Qh6 Qe5 51. g4 Bc5 52. Bg5 Bxf2 0-1

[Event "15. Sueder Sommerpokal 2005"]
[Site "Recklinghausen GER"]
[Date "2005.08.06"]
[Round "6.9"]
[White "Distelrath, Oliver"]
[Black "Kartsev, Soel"]
[Result "0-1"]
[WhiteElo "2029"]
[BlackElo "2269"]
[PlyCount "81"]
[EventDate "2005.08.01"]
[EventType "swiss"]
[EventRounds "9"]
[EventCountry "GER"]
[Source "lmi"]
[SourceDate "2005.08.06"]

1. d4 f5 2. Bg5 g6 3. e3 Bg7 4. Bc4 d6 5. c3 Nc6 6. a3 Nf6 7. Nf3 h6 8. Bxf6
Bxf6 9. O-O e5 10. dxe5 dxe5 11. Nbd2 Qe7 12. Qb3 Kf8 13. Bd5 Kg7 14. Rfd1 e4
15. Nd4 Nxd4 16. cxd4 c6 17. Bc4 b5 18. Be2 Be6 19. Qc2 Bd5 20. a4 a6 21. Nf1
h5 22. Rdc1 h4 23. h3 g5 24. f3 Rhb8 25. fxe4 Bxe4 26. Bd3 bxa4 27. Bxe4 Qxe4
28. Qxe4 fxe4 29. Rxc6 Rxb2 30. Rxa4 a5 31. Rc1 Be7 32. Rc7 Kf6 33. Nh2 Ke6 34.
Rc1 Rb4 35. Ra2 a4 36. Ng4 a3 37. Nf2 Rb2 38. Raa1 Kd5 39. Nd1 Bb4 40. Rab1
Rxb1 41. Rxb1 0-1

[Event "15. Sueder Sommerpokal 2005"]
[Site "Recklinghausen GER"]
[Date "2005.08.06"]
[Round "6.10"]
[White "Barskij, Aleksandr"]
[Black "Kreslawski, Raimond"]
[Result "0-1"]
[WhiteElo "1996"]
[BlackElo "2245"]
[PlyCount "128"]
[EventDate "2005.08.01"]
[EventType "swiss"]
[EventRounds "9"]
[EventCountry "GER"]
[Source "lmi"]
[SourceDate "2005.08.06"]

1. e4 c5 2. Nf3 Nc6 3. Bb5 d6 4. O-O Bd7 5. c3 a6 6. Ba4 Nf6 7. Re1 e5 8. d3
Be7 9. Nbd2 O-O 10. Nf1 Re8 11. h3 Bf8 12. Ng3 g6 13. Bb3 Na5 14. Bc2 Bg7 15.
d4 cxd4 16. cxd4 Rc8 17. d5 Nc4 18. b3 Nb6 19. Bb2 Re7 20. Qd2 Be8 21. Bd3 Rec7
22. Rac1 Rxc1 23. Rxc1 Rxc1+ 24. Qxc1 Qc8 25. Qxc8 Nxc8 26. a4 Bf8 27. Nd2 b5
28. Ne2 bxa4 29. Bxa6 Nb6 30. b4 Bh6 31. f4 Nfxd5 32. exd5 Nxd5 33. b5 Nc7 34.
Nc3 Bxf4 35. Nde4 Be3+ 36. Kf1 Bc5 37. Nf6+ Kf8 38. Nxe8 Kxe8 39. Nxa4 Nxa6 40.
bxa6 Ba7 41. Ke2 Kd7 42. Nc3 Kc6 43. Ne4 f5 44. Ng5 e4 45. Ne6 Kb5 46. Nc7+ Kc6
47. Ne6 Kb5 48. Bd4 Bxd4 49. Nxd4+ Kxa6 50. Ne6 Kb5 51. Nf8 Kc4 52. Nxh7 d5 53.
Nf8 Kc3 54. Nxg6 Kc2 55. Ke3 Kc3 56. Ne5 d4+ 57. Ke2 Kc2 58. Nc4 f4 59. h4 d3+
60. Ke1 e3 61. Nb2 Kxb2 62. Kd1 e2+ 63. Kd2 e1=Q+ 64. Kxe1 Kc2 0-1

[Event "15. Sueder Sommerpokal 2005"]
[Site "Recklinghausen GER"]
[Date "2005.08.06"]
[Round "6.12"]
[White "Litwak, Aleksej"]
[Black "Michalicek, Roland"]
[Result "1-0"]
[WhiteElo "2168"]
[BlackElo "1733"]
[PlyCount "47"]
[EventDate "2005.08.01"]
[EventType "swiss"]
[EventRounds "9"]
[EventCountry "GER"]
[Source "lmi"]
[SourceDate "2005.08.06"]

1. e4 e5 2. Nf3 Nf6 3. Nxe5 d6 4. Nf3 Nxe4 5. Nc3 Nxc3 6. dxc3 Bg4 7. Be2 Be7
8. Bf4 O-O 9. Qd2 Nd7 10. O-O-O a5 11. h3 Bxf3 12. Bxf3 Nc5 13. g4 Bh4 14. Rhg1
Ra6 15. g5 f6 16. g6 hxg6 17. Rxg6 Bg5 18. Bxg5 fxg5 19. Bd5+ Kh7 20. Rxg5 Rf6
21. Rdg1 Qd7 22. Rh5+ Rh6 23. Qxh6+ gxh6 24. Bg8+ 1-0

[Event "15. Sueder Sommerpokal 2005"]
[Site "Recklinghausen GER"]
[Date "2005.08.06"]
[Round "6.13"]
[White "Krug, Kevin"]
[Black "Hahn, Matthias"]
[Result "1/2-1/2"]
[WhiteElo "2098"]
[BlackElo "1994"]
[PlyCount "66"]
[EventDate "2005.08.01"]
[EventType "swiss"]
[EventRounds "9"]
[EventCountry "GER"]
[Source "lmi"]
[SourceDate "2005.08.06"]

1. e4 e6 2. d4 d5 3. Nc3 dxe4 4. Nxe4 Nd7 5. Nf3 Ngf6 6. Nxf6+ Nxf6 7. Bd3 c5
8. Bg5 cxd4 9. Nxd4 Bc5 10. Nb3 Bd6 11. Qf3 h6 12. Bb5+ Kf8 13. Bd2 Qb6 14. c4
a6 15. Ba5 Qa7 16. Ba4 e5 17. Qd3 Be7 18. O-O-O Be6 19. Nd2 b5 20. Bb3 Rc8 21.
Bc3 Qc5 22. cxb5 Bxb3 23. Nxb3 Qxb5 24. f3 Qxd3 25. Rxd3 e4 26. Rd4 exf3 27.
gxf3 Nh5 28. Kb1 Bf6 29. Bb4+ Kg8 30. Rd6 Be7 31. Rb6 Bxb4 32. Rxb4 Rc6 33. Rc1
Rf6 1/2-1/2

[Event "15. Sueder Sommerpokal 2005"]
[Site "Recklinghausen GER"]
[Date "2005.08.06"]
[Round "6.14"]
[White "Sharma, Danesh"]
[Black "Reichelt, Manfred"]
[Result "1-0"]
[WhiteElo "1746"]
[BlackElo "2092"]
[PlyCount "51"]
[EventDate "2005.08.01"]
[EventType "swiss"]
[EventRounds "9"]
[EventCountry "GER"]
[Source "lmi"]
[SourceDate "2005.08.06"]

1. e4 c6 2. d3 d5 3. Nd2 g6 4. Ngf3 Bg7 5. g3 e5 6. Bg2 Ne7 7. Qe2 Nd7 8. b3
O-O 9. Bb2 b6 10. h4 Ba6 11. h5 Nc5 12. hxg6 fxg6 13. b4 dxe4 14. bxc5 exf3 15.
Nxf3 Nf5 16. O-O-O bxc5 17. Nxe5 Nd4 18. Bxd4 Qxd4 19. f4 Rxf4 20. gxf4 Qxf4+
21. Qd2 Qxe5 22. c3 c4 23. Bxc6 Rb8 24. dxc4 Qe7 25. Bd5+ Kf8 26. Qf4+ 1-0

[Event "15. Sueder Sommerpokal 2005"]
[Site "Recklinghausen GER"]
[Date "2005.08.06"]
[Round "6.15"]
[White "Mikhaletz, Lubomir"]
[Black "Podzielny, Karl-Heinz"]
[Result "1-0"]
[WhiteElo "2451"]
[BlackElo "2452"]
[PlyCount "105"]
[EventDate "2005.08.01"]
[EventType "swiss"]
[EventRounds "9"]
[EventCountry "GER"]
[Source "lmi"]
[SourceDate "2005.08.06"]

1. e4 c5 2. Nf3 e6 3. d3 Nc6 4. g3 d5 5. Nbd2 g6 6. Bg2 Bg7 7. O-O Nge7 8. c3
b6 9. Re1 Bb7 10. Qc2 Qd7 11. a3 Rd8 12. Rb1 h6 13. h4 O-O 14. e5 f6 15. exf6
Rxf6 16. Nf1 Rdf8 17. Bf4 Rxf4 18. gxf4 Rxf4 19. Qd2 Rf7 20. Bh3 Nf5 21. Ng3
Qd6 22. Nxf5 gxf5 23. d4 e5 24. dxe5 Bxe5 25. Qe2 Qg6+ 26. Kh1 Bg7 27. Qe8+ Kh7
28. Rg1 Qf6 29. Rbe1 Ne7 30. Qb8 Bc6 31. Qg3 d4 32. Kh2 Be4 33. cxd4 cxd4 34.
Nd2 Bd5 35. h5 d3 36. Qxd3 Qh4 37. Rg3 Qf4 38. Qe3 Qd6 39. b4 Bf6 40. Nf3 Be4
41. Qb3 Rg7 42. Rd1 Qf4 43. Qe3 Qc7 44. Nd4 Nd5 45. Bxf5+ Bxf5 46. Qf3 Bg4 47.
Qxd5 Qf4 48. Nf3 Bh4 49. Nxh4 Bxd1 50. Qd3+ Kh8 51. Ng6+ Rxg6 52. hxg6 Qxf2+
53. Kh3 1-0

[Event "15. Sueder Sommerpokal 2005"]
[Site "Recklinghausen GER"]
[Date "2005.08.06"]
[Round "6.16"]
[White "Stahl, Matthias"]
[Black "Rütten, Ingmar"]
[Result "1/2-1/2"]
[WhiteElo "1595"]
[BlackElo "2037"]
[PlyCount "61"]
[EventDate "2005.08.01"]
[EventType "swiss"]
[EventRounds "9"]
[EventCountry "GER"]
[Source "lmi"]
[SourceDate "2005.08.06"]

1. e4 c5 2. Nf3 d6 3. d4 cxd4 4. Nxd4 Nf6 5. Nc3 Nc6 6. Bg5 e6 7. f3 Qb6 8. Nb3
Bd7 9. Qd2 h6 10. Be3 Qc7 11. O-O-O a6 12. g4 b5 13. h4 Ne5 14. Qf2 Rb8 15. Bd3
b4 16. Ne2 d5 17. exd5 Nxd5 18. Kb1 a5 19. Bd4 Nxd3 20. cxd3 Bb5 21. Rc1 Bxd3+
22. Ka1 Qd7 23. Nc5 Bxc5 24. Bxc5 Qa4 25. Qd4 Qb5 26. Qxg7 Rh7 27. Qf8+ Kd7 28.
Qd6+ Ke8 29. Qf8+ Kd7 30. Qd6+ Ke8 31. Qf8+ 1/2-1/2

[Event "15. Sueder Sommerpokal 2005"]
[Site "Recklinghausen GER"]
[Date "2005.08.06"]
[Round "6.18"]
[White "Woller, Rainer"]
[Black "Bischof, Rainer"]
[Result "1-0"]
[WhiteElo "2196"]
[BlackElo "2020"]
[PlyCount "87"]
[EventDate "2005.08.01"]
[EventType "swiss"]
[EventRounds "9"]
[EventCountry "GER"]
[Source "lmi"]
[SourceDate "2005.08.06"]

1. Nf3 d5 2. d4 c6 3. c4 Nf6 4. Nc3 a6 5. e3 dxc4 6. Bxc4 b5 7. Bd3 Nbd7 8. e4
e6 9. e5 Nd5 10. Nxd5 cxd5 11. O-O Be7 12. Be3 f6 13. Qc2 f5 14. a4 Bb7 15.
axb5 axb5 16. Rxa8 Bxa8 17. Bxb5 O-O 18. Rc1 Nb6 19. Qc7 Rf7 20. b3 h6 21. Bd2
Qxc7 22. Rxc7 Bd8 23. Rc1 Rc7 24. Rxc7 Bxc7 25. Ba5 Bb7 26. h4 Na8 27. Bb4 Kf7
28. Kf1 Bd8 29. h5 Nc7 30. Be2 Ba6 31. Ba5 Ke7 32. Bb6 Bxe2+ 33. Kxe2 Na6 34.
Bc5+ Ke8 35. b4 Be7 36. Bxe7 Kxe7 37. b5 Nb8 38. Kd3 Kd7 39. Kc3 Kc7 40. Kb4
Kb6 41. Ne1 Nd7 42. Nd3 Kc7 43. Nc5 Nf8 44. Ka5 1-0

[Event "15. Sueder Sommerpokal 2005"]
[Site "Recklinghausen GER"]
[Date "2005.08.06"]
[Round "6.19"]
[White "Weißkopf, Lutz"]
[Black "Oberste, Norbert"]
[Result "1-0"]
[WhiteElo "2122"]
[BlackElo "1996"]
[PlyCount "69"]
[EventDate "2005.08.01"]
[EventType "swiss"]
[EventRounds "9"]
[EventCountry "GER"]
[Source "lmi"]
[SourceDate "2005.08.06"]

1. e4 e6 2. d4 d5 3. e5 Bb4+ 4. c3 Ba5 5. Qg4 Kf8 6. Bd3 h6 7. Nh3 f5 8. exf6
Qxf6 9. Nf4 Ne7 10. Nh5 Qf7 11. Qe2 Nd7 12. b4 Bb6 13. O-O Nf6 14. Ng3 a5 15.
b5 c6 16. bxc6 bxc6 17. Ba3 Ke8 18. Nd2 Bc7 19. Bxe7 Kxe7 20. f4 Re8 21. Nf3
Bd7 22. Ne5 Qg8 23. Bg6 Rf8 24. f5 Kd8 25. Rae1 Bxe5 26. dxe5 Ne8 27. Nh5 Nc7
28. Nf4 Bc8 29. Qh5 Nb5 30. Qh4+ Kc7 31. a4 Nxc3 32. Qe7+ Bd7 33. Nxe6+ Kc8 34.
Nxf8 Ra7 35. e6 1-0

[Event "15. Sueder Sommerpokal 2005"]
[Site "Recklinghausen GER"]
[Date "2005.08.06"]
[Round "6.21"]
[White "Denig, Friedrich"]
[Black "Rath, Oliver"]
[Result "1-0"]
[WhiteElo "2077"]
[BlackElo "1889"]
[PlyCount "111"]
[EventDate "2005.08.01"]
[EventType "swiss"]
[EventRounds "9"]
[EventCountry "GER"]
[Source "lmi"]
[SourceDate "2005.08.06"]

1. Nf3 Nf6 2. c4 c6 3. Nc3 d5 4. d4 e6 5. Bg5 Be7 6. e3 Nbd7 7. Qc2 h6 8. Bh4
g5 9. Bg3 Nh5 10. Be5 Nxe5 11. Nxe5 Nf6 12. Bd3 Bd6 13. O-O-O Qc7 14. f4 gxf4
15. exf4 Rf8 16. Rhe1 Bd7 17. g3 O-O-O 18. c5 Bxe5 19. fxe5 Ng8 20. Ne2 f5 21.
Nf4 Rf7 22. b4 Ne7 23. Be2 Rg7 24. Bh5 Rdg8 25. Re3 Kb8 26. Ra3 Nc8 27. Rf1 a6
28. Ra5 Na7 29. Qd2 Nb5 30. Be2 Rg5 31. Nh5 Bc8 32. Nf6 Rf8 33. Bxb5 cxb5 34.
Ra3 Rxf6 35. exf6 Qf7 36. Qf4+ Ka8 37. Qe5 Rg6 38. Re3 h5 39. Rf4 Rxf6 40. h3
Bd7 41. g4 hxg4 42. hxg4 Qg6 43. gxf5 exf5 44. Kb2 Qh6 45. Qc7 Re6 46. Rxe6
Bxe6 47. Qd8+ Ka7 48. Qh4 Qg6 49. Qf2 Qg5 50. Qh4 Qg2+ 51. Rf2 Qg7 52. Qf4 Qg6
53. Rh2 Bd7 54. Qd6 Qg4 55. Qb6+ Kb8 56. c6 1-0